[Event "102nd YMCA Winter B"]
[Site "Warszawa"]
[Date "2012.01.20"]
[Round "1"]
[White "Safanowski, Tomasz"]
[Black "Pettersson, Alexander"]
[Result "1/2-1/2"]
[WhiteElo "1933"]
[BlackElo "1948"]
[Annotator "M"]
[PlyCount "44"]
[EventDate "2012.01.03"]
[EventType "tourn"]
[EventRounds "1"]
[EventCountry "POL"]
[SourceDate "2012.01.03"]

1. Nf3 Nf6 2. g3 d5 3. Bg2 c6 4. b4 Bg4 5. Bb2 e6 6. a3 a5 7. bxa5 Rxa5 8. d3
Bc5 9. O-O Nbd7 10. Nbd2 Ra4 11. c4 Qa8 12. Qb3 O-O 13. Qc3 Bxf3 14. Bxf3 Qa7
15. d4 Be7 16. e4 Ra8 17. e5 Ne8 18. c5 b6 19. Bd1 Ra6 20. Be2 Ra4 21. Bd1 Ra6
22. Be2 Ra4 $11 1/2-1/2

[Event "102nd YMCA Winter B"]
[Site "Warszawa"]
[Date "2012.01.03"]
[Round "1"]
[White "Harazinska, Ewa"]
[Black "Sujkowski, Pawel"]
[Result "1-0"]
[WhiteElo "1900"]
[BlackElo "2014"]
[Annotator "M"]
[PlyCount "117"]
[EventDate "2012.01.03"]
[EventType "tourn"]
[EventRounds "1"]
[EventCountry "POL"]
[SourceDate "2012.01.03"]

1. d4 Nf6 2. c4 c5 3. d5 e6 4. Nc3 exd5 5. cxd5 d6 6. e4 g6 7. f4 Bg7 8. Bb5+
Nfd7 9. a4 Qh4+ 10. g3 Qe7 11. Nge2 O-O 12. O-O Na6 13. Re1 Nb4 14. Kg2 a6 15.
Bd3 b6 16. Ng1 Nf6 17. Na2 Bg4 18. Qd2 Nxd3 19. Qxd3 Ne8 20. h3 Bc8 21. Nc3 Bb7
22. Nf3 Nc7 23. Be3 Rfd8 24. Rad1 Qd7 25. Qc2 f6 26. Bf2 Re8 27. Re2 b5 28. a5
Qf7 29. Qd2 Rad8 30. Kh2 Qd7 31. g4 b4 32. Nb1 Qb5 33. Ree1 Qxa5 34. f5 g5 35.
h4 h6 36. Bg3 Qb5 37. hxg5 fxg5 38. Nxg5 hxg5 39. Qxg5 Rf8 40. e5 Nxd5 41. f6
Nxf6 42. exf6 Rd7 43. Re7 Rxe7 44. fxe7 Qe2+ 45. Kh3 Re8 46. Re1 Qg2+ 47. Kh4
Qf3 48. Bxd6 Qf2+ 49. Bg3 Qf6 50. b3 Kf7 51. Qxf6+ Bxf6+ 52. g5 Bxe7 53. Nd2
Bc8 54. Be5 Kg6 55. Bf6 Kf7 56. Be5 Rg8 57. Rf1+ Ke6 58. Bf6 Bd8 59. Kh5 $138
1-0

[Event "102nd YMCA Winter B"]
[Site "Warszawa"]
[Date "2012.01.05"]
[Round "1"]
[White "Suliborski, Jakub"]
[Black "Pastuszko, Kinga"]
[Result "1-0"]
[WhiteElo "1987"]
[BlackElo "1912"]
[PlyCount "73"]
[EventDate "2012.01.03"]
[EventType "tourn"]
[EventRounds "1"]
[EventCountry "POL"]
[SourceDate "2012.01.03"]

1. f4 d5 2. Nf3 Nf6 3. e3 g6 4. b3 Bg7 5. Bb2 O-O 6. Be2 c5 7. O-O Nc6 8. h3 h5
9. d3 b6 10. Nbd2 Bb7 11. Qe1 e6 12. a3 Ne7 13. Ne5 Nf5 14. Bf3 h4 15. Bg4 Nxg4
16. hxg4 Ng3 17. Rf2 Qe7 18. Nf1 Nxf1 19. Rxf1 g5 20. g3 hxg3 21. Qxg3 Bxe5 22.
fxe5 Kg7 23. Rf6 Rh8 24. Raf1 Raf8 25. Kf2 c4 26. Ke2 cxd3+ 27. cxd3 Qc7 28.
Rc1 Qd7 29. Qf2 Rc8 30. Bc3 Rh4 31. Rf1 Rc7 32. Kd1 a5 33. Bd4 Ba6 34. Kd2 Rh7
35. Bxb6 Rb7 36. Rg6+ Kf8 37. Bc5+ 1-0

[Event "102nd YMCA Winter B"]
[Site "Warszawa"]
[Date "2012.01.05"]
[Round "1"]
[White "Winiarski , Mikolaj"]
[Black "Szukalski, Antoni"]
[Result "1/2-1/2"]
[WhiteElo "1873"]
[BlackElo "1858"]
[Annotator "M"]
[PlyCount "64"]
[EventDate "2012.01.03"]
[EventType "tourn"]
[EventRounds "1"]
[EventCountry "POL"]
[SourceDate "2012.01.03"]

1. e4 c6 2. d4 d5 3. Nd2 dxe4 4. Nxe4 Bf5 5. Ng3 Bg6 6. h4 h6 7. Nf3 e6 8. h5
Bh7 9. Bd3 Nf6 10. Bxh7 Nxh7 11. Bf4 Nf6 12. Qd2 Nbd7 13. O-O-O Nb6 14. Qe2
Nfd5 15. Bd2 Be7 16. c4 Nf6 17. Bf4 Nbd7 18. Ne5 Qa5 19. Kb1 Rc8 20. Ne4 O-O
21. g4 Nxe5 22. Bxe5 Nxe4 23. Qxe4 Rcd8 24. c5 Rd5 25. f4 Qd8 26. Rdg1 f6 27.
g5 fxe5 28. gxh6 Rf5 29. Qg2 Bf6 30. dxe5 Rd2 31. Qg6 Rxb2+ 32. Kxb2 Qd4+ $11
1/2-1/2

[Event "102nd YMCA Winter B"]
[Site "Warszawa"]
[Date "2012.01.20"]
[Round "1"]
[White "Szefer, Michal"]
[Black "Koziol, Pawel"]
[Result "1-0"]
[WhiteElo "2016"]
[BlackElo "1859"]
[PlyCount "59"]
[EventDate "2012.01.03"]
[EventType "tourn"]
[EventRounds "1"]
[EventCountry "POL"]
[SourceDate "2012.01.03"]

1. e4 g6 2. d4 Bg7 3. Nc3 d6 4. f4 Nc6 5. Be3 Nf6 6. Nf3 O-O 7. Qd2 Ng4 8. Bg1
e5 9. d5 Ne7 10. h3 Nf6 11. fxe5 dxe5 12. O-O-O Ne8 13. Bh2 f6 14. g4 g5 15.
Bb5 Ng6 16. Bxe8 Rxe8 17. Qf2 Bf8 18. h4 Nf4 19. hxg5 fxg5 20. Bxf4 exf4 21.
Qh2 h6 22. Qh5 Re7 23. Qg6+ Rg7 24. Qxh6 Qd6 25. Qh8+ Kf7 26. Rh6 Qc5 27. Ne5+
Ke8 28. Rf6 Qe7 29. Qh5+ Kd8 30. Nc6+ 1-0

[Event "102nd YMCA Winter B"]
[Site "Warszawa"]
[Date "2012.01.06"]
[Round "1"]
[White "Kubeczko, Grzegorz"]
[Black "Szymczak, Rafal"]
[Result "1/2-1/2"]
[WhiteElo "2017"]
[BlackElo "2038"]
[Annotator "M"]
[PlyCount "44"]
[EventDate "2012.01.03"]
[EventType "tourn"]
[EventRounds "1"]
[EventCountry "POL"]
[SourceDate "2012.01.03"]

1. c4 e5 2. g3 g6 3. Bg2 Bg7 4. Nc3 c6 5. d3 f5 6. e4 Nf6 7. Nge2 d6 8. O-O O-O
9. exf5 Bxf5 10. d4 Nbd7 11. h3 Be6 12. b3 Re8 13. Re1 Bf7 $11 14. Bg5 Qa5 15.
dxe5 dxe5 16. Qc2 Nc5 17. a3 Qc7 18. Rad1 Rad8 19. Bxf6 Bxf6 20. Ne4 Nxe4 21.
Bxe4 Rxd1 22. Rxd1 Rd8 $11 1/2-1/2

[Event "102nd YMCA Winter B"]
[Site "Warszawa"]
[Date "2012.01.05"]
[Round "1"]
[White "Rusin, Ryszard"]
[Black "Milczarek, Robert"]
[Result "1/2-1/2"]
[WhiteElo "1897"]
[BlackElo "1864"]
[Annotator "M"]
[PlyCount "102"]
[EventDate "2012.01.03"]
[EventType "tourn"]
[EventRounds "1"]
[EventCountry "POL"]
[SourceDate "2012.01.03"]

1. d4 Nf6 2. c4 g6 3. Nc3 Bg7 4. e4 d6 5. Nf3 O-O 6. Be2 e5 7. d5 a5 8. h3 Na6
9. Be3 Nh5 10. Qd2 f5 11. Bg5 Qe8 12. Bh6 f4 13. Bxg7 Kxg7 14. O-O-O Nc5 15.
Nh2 Nf6 16. Bd3 Bd7 17. Ng4 Nh5 18. Bc2 b5 19. cxb5 Bxb5 20. g3 Rb8 21. Rhg1
Rb7 22. gxf4 Nxf4 23. Qe3 a4 24. Rg3 Bc4 25. h4 h5 26. Nh2 Qb8 27. Nf3 Rxb2 28.
Nxe5 Bxa2 29. Nxg6 Nxg6 30. Rxg6+ Kxg6 31. Rg1+ Kh7 32. Rg5 Rxc2+ 33. Kd1 Qe8
34. Kxc2 Bb3+ 35. Kb2 Rxf2+ 36. Ka3 Qf7 37. Rxh5+ Qxh5 38. Qxf2 Qg6 39. Qf8 Qg7
40. Qf3 Kg8 41. h5 Nd7 42. Qh3 Nb6 43. Ne2 Qa1+ 44. Kb4 Qe1+ 45. Nc3 Nxd5+ 46.
exd5 Bxd5 47. Qc8+ Kg7 48. Qxc7+ Bf7 49. Qxd6 Qh4+ 50. Ka3 Qxh5 51. Qd4+ Kg8
$11 1/2-1/2

[Event "102nd YMCA Winter B"]
[Site "Warszawa"]
[Date "2012.01.24"]
[Round "2"]
[White "Pettersson, Alexander"]
[Black "Milczarek, Robert"]
[Result "1-0"]
[WhiteElo "1948"]
[BlackElo "1864"]
[PlyCount "65"]
[EventDate "2012.01.03"]
[EventType "tourn"]
[EventRounds "1"]
[EventCountry "POL"]
[SourceDate "2012.01.03"]

1. d4 Nf6 2. Nf3 g6 3. Nc3 d5 4. Bf4 c6 5. e3 Bg7 6. Be2 O-O 7. h4 Qa5 8. Qd2
Nh5 9. Be5 Nd7 10. Bxg7 Nxg7 11. g4 Nf6 12. Ne5 Qc7 13. h5 b5 14. hxg6 fxg6 15.
f3 Nge8 16. a3 Nd6 17. Bd3 Nc4 18. Bxc4 bxc4 19. Qh2 e6 20. Kd2 Bb7 21. Ne2
Rab8 22. Nf4 Bc8 23. Rab1 c5 24. c3 cxd4 25. exd4 Rb7 26. Nfxg6 Re8 27. g5 Ne4+
28. fxe4 dxe4 29. Nf4 Rd8 30. Ke3 Rb5 31. g6 Rf8 32. gxh7+ Kh8 33. Nfg6+ 1-0

[Event "102nd YMCA Winter B"]
[Site "Warszawa"]
[Date "2012.01.12"]
[Round "2"]
[White "Szymczak, Rafal"]
[Black "Rusin, Ryszard"]
[Result "1/2-1/2"]
[WhiteElo "2038"]
[BlackElo "1897"]
[PlyCount "77"]
[EventDate "2012.01.03"]
[EventType "tourn"]
[EventRounds "1"]
[EventCountry "POL"]
[SourceDate "2012.01.03"]

1. f4 d5 2. Nf3 e6 3. g3 c5 4. Bg2 Nf6 5. d3 Nc6 6. c3 Be7 7. O-O O-O 8. Qe1 b6
9. h3 Qc7 10. Na3 Ba6 11. Nc2 Rac8 12. g4 Bd6 13. Qg3 Rfe8 14. Bd2 c4 15. Nce1
cxd3 16. exd3 Ne7 17. Kh1 Ng6 18. Nh4 e5 19. Nxg6 hxg6 20. fxe5 Bxe5 21. Qf3
Re7 22. Nc2 Rce8 23. Rae1 Bb7 24. Bg5 d4 25. Qxb7 Qxb7 26. Bxb7 Rxb7 27. Bxf6
gxf6 28. cxd4 Rc8 29. dxe5 Rxc2 30. exf6 Rd7 31. Re8+ Kh7 32. Rf3 Rd2 33. Re7
Rd6 34. g5 Rc6 35. Rfe3 Rc1+ 36. Re1 Rcc2 37. Rxf7+ Kg8 38. Rxa7 Rh2+ 39. Kg1
1/2-1/2

[Event "102nd YMCA Winter B"]
[Site "Warszawa"]
[Date "2012.01.04"]
[Round "2"]
[White "Szukalski, Antoni"]
[Black "Szefer, Michal"]
[Result "1-0"]
[WhiteElo "1858"]
[BlackElo "2016"]
[PlyCount "77"]
[EventDate "2012.01.03"]
[EventType "tourn"]
[EventRounds "1"]
[EventCountry "POL"]
[SourceDate "2012.01.03"]

1. d4 g6 2. c4 c5 3. e3 Bg7 4. Nf3 Nf6 5. Nc3 O-O 6. Bd3 cxd4 7. exd4 d5 8. O-O
Nc6 9. h3 Nb4 10. Be3 Nxd3 11. Qxd3 b6 12. c5 bxc5 13. dxc5 Bb7 14. Bd4 Qc8 15.
b4 Ne4 16. Bxg7 Kxg7 17. Nxd5 Rd8 18. Qxe4 Bxd5 19. Qe3 Qb7 20. Qc3+ Kg8 21. a4
a6 22. Rfd1 Rab8 23. Rd4 Bxf3 24. Rxd8+ Rxd8 25. gxf3 Qc6 26. Qe3 e6 27. Qe4
Rd5 28. Kh1 f5 29. Qe2 Kf7 30. Ra3 Rd4 31. Qb2 Rd1+ 32. Kg2 Qd5 33. Qh8 h5 34.
Qh7+ Kf6 35. Qh8+ Kg5 36. Qc3 Rb1 37. c6 Qd1 38. f4+ Kxf4 39. Qe3# 1-0

[Event "102nd YMCA Winter B"]
[Site "Warszawa"]
[Date "2012.02.08"]
[Round "2"]
[White "Pastuszko, Kinga"]
[Black "Winiarski , Mikolaj"]
[Result "0-1"]
[WhiteElo "1912"]
[BlackElo "1873"]
[PlyCount "60"]
[EventDate "2012.01.03"]
[EventType "tourn"]
[EventRounds "1"]
[EventCountry "POL"]
[SourceDate "2012.01.03"]

1. e4 e5 2. Nf3 Nc6 3. Bc4 Nf6 4. d4 exd4 5. e5 d5 6. Bb5 Nd7 7. O-O Be7 8. Re1
O-O 9. Bxc6 bxc6 10. Nxd4 Nb8 11. Qf3 c5 12. Nf5 Bxf5 13. Qxf5 Nc6 14. Nc3 Nd4
15. Qd3 c6 16. Ne2 Nxe2+ 17. Qxe2 c4 18. f4 Bc5+ 19. Kh1 Qh4 20. Rf1 Rae8 21.
Be3 Bxe3 22. Qxe3 a6 23. c3 f6 24. e6 f5 25. Rae1 Rf6 26. g3 Qh3 27. e7 Rf7 28.
Qe6 Rexe7 29. Qxc6 Re2 30. Qa8+ Rf8 0-1

[Event "102nd YMCA Winter B"]
[Site "Warszawa"]
[Date "2012.01.13"]
[Round "2"]
[White "Sujkowski, Pawel"]
[Black "Suliborski, Jakub"]
[Result "1/2-1/2"]
[WhiteElo "2014"]
[BlackElo "1987"]
[Annotator "M"]
[PlyCount "40"]
[EventDate "2012.01.03"]
[EventType "tourn"]
[EventRounds "1"]
[EventCountry "POL"]
[SourceDate "2012.01.03"]

1. d4 Nf6 2. Nf3 e6 3. c4 c5 4. g3 cxd4 5. Nxd4 Nc6 6. Bg2 Bb4+ 7. Nc3 Qa5 8.
O-O Bxc3 9. Nb3 Qa4 10. bxc3 O-O 11. c5 b6 12. Nd4 Qxd1 13. Rxd1 Bb7 14. Nxc6
Bxc6 15. Bxc6 dxc6 16. Be3 Nd5 17. cxb6 axb6 18. c4 Nxe3 19. fxe3 Ra4 20. Rab1
b5 $11 1/2-1/2

[Event "102nd YMCA Winter B"]
[Site "Warszawa"]
[Date "2012.01.06"]
[Round "2"]
[White "Safanowski, Tomasz"]
[Black "Harazinska, Ewa"]
[Result "0-1"]
[WhiteElo "1933"]
[BlackElo "1900"]
[PlyCount "80"]
[EventDate "2012.01.03"]
[EventType "tourn"]
[EventRounds "1"]
[EventCountry "POL"]
[SourceDate "2012.01.03"]

1. Nf3 c5 2. g3 g6 3. Bg2 Bg7 4. e4 d6 5. O-O Nc6 6. c3 Nf6 7. d4 cxd4 8. Nxd4
Bd7 9. Re1 O-O 10. Be3 Ne5 11. Na3 Rc8 12. h3 Nc4 13. Qb3 Nxe3 14. Rxe3 Qc7 15.
Nac2 a6 16. Nb4 e6 17. Nd3 e5 18. Nf3 Be6 19. Qa4 Nd7 20. Ng5 Bc4 21. Qb4 Bh6
22. f4 exf4 23. gxf4 f6 24. b3 fxg5 25. bxc4 gxf4 26. Rf3 Ne5 27. Nxe5 dxe5 28.
Rb1 Rf7 29. Rd3 Bf8 30. Qa4 Qxc4 31. Qd1 Qxa2 32. h4 Rfc7 33. Bh3 Re8 34. Bd7
Bc5+ 35. Kh1 Rf8 36. Rc1 Be3 37. Rc2 Qc4 38. Rg2 f3 39. Rg4 f2 40. Qf1 Qxd3 0-1

[Event "102nd YMCA Winter B"]
[Site "Warszawa"]
[Date "2012.01.25"]
[Round "3"]
[White "Harazinska, Ewa"]
[Black "Pettersson, Alexander"]
[Result "1/2-1/2"]
[WhiteElo "1900"]
[BlackElo "1948"]
[Annotator "M"]
[PlyCount "99"]
[EventDate "2012.01.03"]
[EventType "tourn"]
[EventRounds "1"]
[EventCountry "POL"]
[SourceDate "2012.01.03"]

1. d4 Nf6 2. c4 e6 3. Nc3 Bb4 4. Qc2 O-O 5. a3 Bxc3+ 6. Qxc3 b6 7. Bg5 Bb7 8.
e3 d6 9. f3 Nbd7 10. Bd3 c5 11. Ne2 Rc8 12. Rc1 e5 13. O-O cxd4 14. exd4 Re8
15. Bf5 Rc7 16. f4 e4 17. Qg3 Nf8 18. Rc3 Bc8 19. Bxc8 Rxc8 20. f5 Kh8 21. Nf4
h6 22. Bh4 N8h7 23. Nd5 a6 24. Qh3 b5 25. b3 bxc4 26. bxc4 Rb8 27. g4 Kg8 28.
Nxf6+ gxf6 29. Bf2 Kg7 30. Be3 Ng5 31. Bxg5 hxg5 32. Qe3 Rb2 33. h4 gxh4 34.
Qe1 Rh8 35. Qxe4 Re8 36. Qf3 Ree2 37. Re3 Rxe3 38. Qxe3 Qa8 39. d5 Qd8 40. Kh1
Qb6 41. Qe1 Qd4 42. g5 fxg5 43. f6+ Kh7 44. Qe7 Kg6 45. Qe8 Qd2 46. Qg8+ Kh5
47. Qh7+ Kg4 48. Qf5+ Kh5 49. Qh7+ Kg4 50. Qf5+ $11 1/2-1/2

[Event "102nd YMCA Winter B"]
[Site "Warszawa"]
[Date "2012.01.24"]
[Round "3"]
[White "Suliborski, Jakub"]
[Black "Safanowski, Tomasz"]
[Result "1-0"]
[WhiteElo "1987"]
[BlackElo "1933"]
[PlyCount "65"]
[EventDate "2012.01.03"]
[EventType "tourn"]
[EventRounds "1"]
[EventCountry "POL"]
[SourceDate "2012.01.03"]

1. e4 b6 2. d4 Bb7 3. Bd3 d6 4. f4 e5 5. Nf3 f5 6. Nc3 exd4 7. Nxd4 fxe4 8.
Bxe4 Bxe4 9. Nxe4 Qe7 10. O-O Nf6 11. Ng5 Kd8 12. Qf3 d5 13. c4 Kc8 14. Be3 h6
15. Nge6 c5 16. cxd5 Qd6 17. Nf5 Qxd5 18. Qxd5 Nxd5 19. Rad1 Nxe3 20. Rd8+ Kb7
21. Nxe3 Nc6 22. Rd7+ Ka6 23. Nc7+ Kb7 24. Nxa8+ Kxa8 25. Nd5 c4 26. Nc7+ Kb7
27. Ne6+ Ka6 28. Nxf8 Rxf8 29. Rxg7 Nb4 30. f5 Nd3 31. f6 Ne5 32. f7 b5 33. Rf5
1-0

[Event "102nd YMCA Winter B"]
[Site "Warszawa"]
[Date "2012.01.17"]
[Round "3"]
[White "Winiarski , Mikolaj"]
[Black "Sujkowski, Pawel"]
[Result "1/2-1/2"]
[WhiteElo "1873"]
[BlackElo "2014"]
[Annotator "M"]
[PlyCount "90"]
[EventDate "2012.01.03"]
[EventType "tourn"]
[EventRounds "1"]
[EventCountry "POL"]
[SourceDate "2012.01.03"]

1. d4 Nf6 2. c4 e6 3. Nf3 Bb4+ 4. Bd2 Qe7 5. a3 Bxd2+ 6. Nbxd2 Nc6 7. e4 d6 8.
Bd3 e5 9. d5 Nb8 10. O-O O-O 11. b4 Nbd7 12. Ne1 a5 13. Nc2 axb4 14. axb4 Rxa1
15. Qxa1 Nh5 16. g3 Qg5 17. Ne3 Nf4 18. Nf3 Nh3+ 19. Kg2 Nf4+ 20. Kg1 Qh5 21.
Ne1 Nxd3 22. Nxd3 Nf6 23. f3 Nxe4 24. fxe4 Qe2 25. Nf2 Qxe3 26. Qc1 Qb3 27. Qd2
Bd7 28. c5 Ra8 29. cxd6 cxd6 30. Rc1 Ra2 31. Qc3 Qxc3 32. Rxc3 Kf8 33. Rc7 Ke8
34. Rxb7 Kd8 35. Rb8+ Bc8 36. Rb6 Ra6 37. Rxa6 Bxa6 38. Nd1 Bd3 39. Nc3 f5 40.
exf5 Bxf5 41. Kf2 h6 42. Ke3 Kc7 43. Nb5+ Kd7 44. Nc3 Kc7 $11 45. Nb5+ Kd7 $11
1/2-1/2

[Event "102nd YMCA Winter B"]
[Site "Warszawa"]
[Date "2012.02.03"]
[Round "3"]
[White "Szefer, Michal"]
[Black "Pastuszko, Kinga"]
[Result "0-1"]
[WhiteElo "2016"]
[BlackElo "1912"]
[PlyCount "136"]
[EventDate "2012.01.03"]
[EventType "tourn"]
[EventRounds "1"]
[EventCountry "POL"]
[SourceDate "2012.01.03"]

1. e4 d5 2. exd5 Qxd5 3. Nc3 Qa5 4. d4 Nf6 5. Nf3 Nc6 6. Bd2 Bg4 7. Nb5 Qb6 8.
c4 Bxf3 9. Qxf3 Nxd4 10. Nxd4 Qxd4 11. Qxb7 Qe4+ 12. Qxe4 Nxe4 13. Be3 e6 14.
Bd3 Nc5 15. Bc2 Bd6 16. b4 Nd7 17. Rb1 Ke7 18. O-O c5 19. Ba4 cxb4 20. Bxd7
Kxd7 21. c5 Be5 22. Rxb4 Rhb8 23. Re4 Bf6 24. Bf4 Rb5 25. Rc4 Kc6 26. Be3 Rd8
27. a4 Rb2 28. g4 Rd5 29. Rfc1 h6 30. Kg2 Rd3 31. Kf1 Bg5 32. Bxg5 hxg5 33.
R1c3 Rxc3 34. Rxc3 Rb4 35. Rf3 Rf4 36. Rh3 Kxc5 37. Rh5 f6 38. Rh7 Rxg4 39. a5
Kb5 40. Rxg7 a6 41. Rd7 Kxa5 42. Ke2 Re4+ 43. Kd3 Re5 44. Rb7 Ka4 45. Rb1 a5
46. Kc4 Ka3 47. Kc3 Ka2 48. Rb2+ Ka1 49. Rb3 Rc5+ 50. Kd4 Ka2 51. Rb6 Re5 52.
Ra6 Ka3 53. Kc4 a4 54. Kc3 Re2 55. h3 Rxf2 56. Rxe6 Rf3+ 57. Kc2 f5 58. Rg6 Rg3
59. Rh6 f4 60. h4 g4 61. Rf6 f3 62. h5 Rg2+ 63. Kc3 f2 64. h6 g3 65. Rf3 Ka2
66. Kb4 Rh2 67. Kxa4 Rxh6 68. Kb4 Rh1 0-1

[Event "102nd YMCA Winter B"]
[Site "Warszawa"]
[Date "2012.01.19"]
[Round "3"]
[White "Kubeczko, Grzegorz"]
[Black "Szukalski, Antoni"]
[Result "1-0"]
[WhiteElo "2017"]
[BlackElo "1858"]
[PlyCount "53"]
[EventDate "2012.01.03"]
[EventType "tourn"]
[EventRounds "1"]
[EventCountry "POL"]
[SourceDate "2012.01.03"]

1. Nf3 Nf6 2. c4 e6 3. g3 d5 4. b3 g6 5. Bb2 Bg7 6. Bg2 O-O 7. O-O b6 8. cxd5
exd5 9. Nc3 Bb7 10. d4 Nbd7 11. Rc1 Rc8 12. Nb5 a6 13. Na7 Ra8 14. Nc6 Bxc6 15.
Rxc6 Ne4 16. Qc2 f6 17. Rxc7 Nec5 18. Rc6 Nb8 19. Rxb6 Qxb6 20. dxc5 Qd8 21.
Nd4 Re8 22. c6 Ra7 23. Qc5 Rc7 24. Qxd5+ Qxd5 25. Bxd5+ Kh8 26. Ne6 Rce7 27.
Ba3 1-0

[Event "102nd YMCA Winter B"]
[Site "Warszawa"]
[Date "2012.01.19"]
[Round "3"]
[White "Rusin, Ryszard"]
[Black "Koziol, Pawel"]
[Result "1/2-1/2"]
[WhiteElo "1897"]
[BlackElo "1859"]
[PlyCount "149"]
[EventDate "2012.01.03"]
[EventType "tourn"]
[EventRounds "1"]
[EventCountry "POL"]
[SourceDate "2012.01.03"]

1. d4 d5 2. c4 e6 3. Nc3 Be7 4. Nf3 Nf6 5. Bf4 O-O 6. e3 c5 7. Be2 a6 8. a3
cxd4 9. exd4 dxc4 10. Bxc4 b5 11. Ba2 Bb7 12. O-O Nbd7 13. Re1 Nb6 14. h3 Nbd5
15. Bd2 Rc8 16. Rc1 Nxc3 17. Bxc3 Nd5 18. Bd2 Rxc1 19. Bxc1 Qd6 20. Ne5 Bf6 21.
Qd3 Ne7 22. Bb1 g6 23. Ng4 Bxd4 24. Rd1 Nf5 25. Nh6+ Nxh6 26. Bxh6 Qc6 27. Qg3
Bg7 28. Rc1 Qd5 29. Bxg7 Kxg7 30. Bd3 Rd8 31. Bf1 e5 32. Rc7 Re8 33. a4 Bc6 34.
Qc3 Re6 35. axb5 axb5 36. Kh2 Qe4 37. f3 Qf4+ 38. Kh1 Be8 39. Qb3 Ra6 40. Qd1
Rc6 41. Rxc6 Bxc6 42. Qc2 Bd7 43. Qc5 Qd4 44. Qc2 b4 45. Bc4 Qd6 46. Qe2 Be6
47. Bxe6 Qxe6 48. Qe4 Qd6 49. Qe2 Qc5 50. Kh2 Qd4 51. b3 Qc3 52. Qe4 h6 53. Qd5
Qd4 54. Qb5 e4 55. fxe4 Qxe4 56. Qa4 Kf6 57. Kg1 Ke5 58. Qe8+ Kd4 59. Qxf7 Kc3
60. Kh2 h5 61. Kg1 Qb1+ 62. Kh2 Qxb3 63. Qxg6 Qd5 64. Qf6+ Kc2 65. Qf2+ Kb3 66.
Qe3+ Ka2 67. Qe2+ Ka3 68. Qa6+ Kb3 69. Qe2 Qd6+ 70. Kh1 Qc5 71. g4 Qc3 72. Qe6+
Kb2 73. Qe2+ Qc2 74. Qe5+ Qc3 75. Qe2+ 1/2-1/2

[Event "102nd YMCA Winter B"]
[Site "Warszawa"]
[Date "2012.01.13"]
[Round "3"]
[White "Milczarek, Robert"]
[Black "Szymczak, Rafal"]
[Result "1/2-1/2"]
[WhiteElo "1864"]
[BlackElo "2038"]
[Annotator "M"]
[PlyCount "22"]
[EventDate "2012.01.03"]
[EventType "tourn"]
[EventRounds "1"]
[EventCountry "POL"]
[SourceDate "2012.01.03"]

1. d4 f5 2. g3 Nf6 3. Bg2 g6 4. Nf3 Bg7 5. O-O O-O 6. b4 d6 7. Bb2 Ne4 8. c4 c5
9. Nbd2 Nxd2 10. Qxd2 cxb4 11. Qxb4 Nc6 $11 1/2-1/2

[Event "102nd YMCA Winter B"]
[Site "Warszawa"]
[Date "2012.02.08"]
[Round "4"]
[White "Pettersson, Alexander"]
[Black "Szymczak, Rafal"]
[Result "1/2-1/2"]
[WhiteElo "1948"]
[BlackElo "2038"]
[Annotator "M"]
[PlyCount "36"]
[EventDate "2012.01.03"]
[EventType "tourn"]
[EventRounds "1"]
[EventCountry "POL"]
[SourceDate "2012.01.03"]

1. d4 Nf6 2. Nf3 g6 3. Nc3 d5 4. Bf4 c6 5. e3 Bg7 6. Be2 Nh5 7. Bg5 Nd7 8. Qd2
Nhf6 9. h4 h5 10. O-O-O b5 11. Bd3 b4 12. Ne2 Ne4 13. Bxe4 dxe4 14. Ne1 Qa5 15.
Kb1 Nf6 16. f3 Be6 17. Nc1 exf3 18. gxf3 Qb5 $11 1/2-1/2

[Event "102nd YMCA Winter B"]
[Site "Warszawa"]
[Date "2012.01.26"]
[Round "4"]
[White "Koziol, Pawel"]
[Black "Milczarek, Robert"]
[Result "0-1"]
[WhiteElo "1859"]
[BlackElo "1864"]
[PlyCount "78"]
[EventDate "2012.01.03"]
[EventType "tourn"]
[EventRounds "1"]
[EventCountry "POL"]
[SourceDate "2012.01.03"]

1. b3 d6 2. Bb2 e5 3. g3 Nf6 4. Bg2 g6 5. c4 Bg7 6. d4 exd4 7. Qxd4 Nc6 8. Qd2
O-O 9. Nc3 Bf5 10. Nf3 Rb8 11. O-O Re8 12. Nd4 Nxd4 13. Qxd4 Ne4 14. Qxg7+ Kxg7
15. Nxe4+ Kf8 16. Bf6 Qd7 17. Nc3 Bh3 18. Bd4 Bxg2 19. Kxg2 c5 20. Be3 Re6 21.
Rad1 Rbe8 22. Nd5 Qc6 23. Kg1 f6 24. Rd3 Kg7 25. Rfd1 g5 26. Nc3 a6 27. Bc1 b5
28. cxb5 axb5 29. e3 Ra8 30. Bb2 b4 31. Na4 c4 32. Rd4 c3 33. Bc1 Rb8 34. Rd5
Rb5 35. R5d4 Qf3 36. e4 Rxe4 37. Rxd6 Rbe5 38. Rf1 Re1 39. Be3 R5xe3 0-1

[Event "102nd YMCA Winter B"]
[Site "Warszawa"]
[Date "2012.02.01"]
[Round "4"]
[White "Szukalski, Antoni"]
[Black "Rusin, Ryszard"]
[Result "1/2-1/2"]
[WhiteElo "1858"]
[BlackElo "1897"]
[PlyCount "164"]
[EventDate "2012.01.03"]
[EventType "tourn"]
[EventRounds "1"]
[EventCountry "POL"]
[SourceDate "2012.01.03"]

1. e4 d6 2. d4 Nf6 3. Nc3 g6 4. Be2 Bg7 5. Nf3 c6 6. O-O O-O 7. h3 b5 8. a3 Bb7
9. Be3 Nbd7 10. Qd2 a5 11. b4 Qc7 12. Bh6 axb4 13. axb4 Rxa1 14. Rxa1 Nb6 15.
Bxg7 Kxg7 16. Bd3 Bc8 17. Ne2 Be6 18. c3 Bc4 19. Bc2 e5 20. Qe3 Re8 21. dxe5
dxe5 22. Nd2 Re7 23. Nb3 Nh5 24. Ra6 Na4 25. Nc5 Nxc5 26. bxc5 Qc8 27. Ra1 Qe6
28. Rd1 Rd7 29. Rxd7 Qxd7 30. Nc1 Nf4 31. Nb3 Qe7 32. Na5 Qg5 33. g3 Nxh3+ 34.
Kh2 Qh5 35. Kg2 Be6 36. Nxc6 f6 37. Nd8 Bg4 38. f3 Nf4+ 39. gxf4 Qh3+ 40. Kf2
Qh2+ 41. Ke1 Qh1+ 42. Ke2 Qg2+ 43. Kd3 Bxf3 44. Bb3 Qf1+ 45. Kd2 Bg4 46. fxe5
fxe5 47. Qd3 Qg2+ 48. Kc1 Qg1+ 49. Kb2 Qf2+ 50. Kc1 Qxc5 51. Ne6+ Bxe6 52. Bxe6
h5 53. Bd5 h4 54. Qh3 Qg1+ 55. Kb2 Qg3 56. Qd7+ Kh6 57. Be6 Qg2+ 58. Kb3 Qxe4
59. Qxb5 Qb1+ 60. Kc4 Qa2+ 61. Qb3 Qa6+ 62. Kd5 h3 63. Qc4 Qa8+ 64. Kxe5 Qb8+
65. Kf6 Qg3 66. Bxh3 Qf3+ 67. Ke5 Qxh3 68. Qf4+ Kh5 69. c4 Qc3+ 70. Kd5 g5 71.
Qf7+ Kg4 72. Qe6+ Kh4 73. Qh6+ Kg4 74. Qe6+ Kg3 75. Qe5+ Qxe5+ 76. Kxe5 Kf3 77.
c5 g4 78. c6 g3 79. c7 g2 80. c8=Q g1=Q 81. Qc3+ Kf2 82. Qc5+ Kf1 1/2-1/2

[Event "102nd YMCA Winter B"]
[Site "Warszawa"]
[Date "2012.01.26"]
[Round "4"]
[White "Pastuszko, Kinga"]
[Black "Kubeczko, Grzegorz"]
[Result "0-1"]
[WhiteElo "1912"]
[BlackElo "2017"]
[PlyCount "46"]
[EventDate "2012.01.03"]
[EventType "tourn"]
[EventRounds "1"]
[EventCountry "POL"]
[SourceDate "2012.01.03"]

1. d4 d5 2. Nc3 Nf6 3. Bg5 Nbd7 4. f3 c6 5. Qd2 e5 6. dxe5 Nxe5 7. e4 d4 8.
O-O-O c5 9. Nd5 h6 10. Bxf6 gxf6 11. Qf4 Bg7 12. Bb5+ Kf8 13. Kb1 Be6 14. c3
Bxd5 15. exd5 dxc3 16. b3 Qb6 17. Bd3 c4 18. Bxc4 Rc8 19. Rd4 Ng6 20. Qg4 f5
21. Qxf5 Ne7 22. Qxf7+ Kxf7 23. d6+ Rxc4 0-1